00301nam a22001337a 4500008004100000020001500041041000800056080000800064100000700072101000800079245005100087942001200138999001700150181006b xxu||||| |||| 00| 0 eng d a0812211677 aeng a941 a17 aHIS aThe Origins of the Federal RepubliccOnuf, P.S 2udccBK c48953d48953